00350nam a2200133Ia 4500003000400000005001700004008004100021040000900062082002400071100002200095245004200117260004800159300000900207OSt20200624141625.0190216s9999||||xx |||||||||||||| ||und|| coclc a954.90420924bWOL/J aWolpert, Stanley  0aJinnah Of Pakistan /cStanley Wolpert bOxford University Press,c1984.aNew Delhi: a421p